000 02313nam a22002657a 4500
999 _c62196
_d62196
003 Ge_BSU
005 20240731143956.0
008 240731s2024 ge ||||| |||| 00| 0 geo d
020 _a9789941857546
041 _ageo
080 _a94(=351.4)(479.22):392(=351.4)(479.22) ხ-22
100 _aხანგოშვილი, მექა
_eავტორი.
_923012
245 _aქისტები, რომლებმაც შექმნეს პანკისის ხეობის ისტორია /
_cმექა ხანგოშვილი ; პ/მგ რედაქტორი მარინა ხარხელაური ; რედაქტორები: ამირან არაბული, ხასო ხანგოშვილი ; ილუსტრაციების ავტორები: ნათელა ცათიაშვილი, ევა გუმაშვილი ; ფოტომასალების ავტორი თუმი დიშნი (ნონა ხანგოშვილი) ; დიზაინი ილნარ გორელაშვილი.
264 _aთბილისი :
_bსაქართველოს პარლამენტის ეროვნული ბიბლიოთეკა,
_c 2024.
300 _a910 გვ. :
_bფოტ., ილ. ;
_c 29 სმ.
600 _aეძღვნება დუა დაშნელს (ციცხაშაშვილს)
_923031
653 _aქისტები საქართველოში. ქისტების ეთნოგრაფია.
653 _aისტორია
653 _aეთნოგრაფია
700 _aხარხელაური, მარინა
_e პ/მგ რედაქტორი
_923032
700 _aარაბული, ამირან
_eრედაქტორი.
_95770
700 _aხანგოშვილი, ხასო
_eრედაქტორი. და სხვ
_923015
710 _aწიგნი გამოიცა საქართველოს პარლამენტის ეროვნული ბიბლიოთეკის ფინანსური დახმარებით
_923033
942 _2udc
_cBK